000 00485nam a22001937a 4500
003 MPLRDC
005 20220104143149.0
008 210129b ||||| |||| 00| 0 eng d
020 _a957-708-535-0
082 _a848.2 XY-3 v.10
100 _a小野著
245 _a第五代青春痘
_c
250 _a初版十三刷
260 _a
_b麦田出版股份有限公司
_c1998
300 _b
490 _a麦田文学;88
650 _a现代别集
942 _cBK
_o848.2 XY-3 v.10
999 _c37244
_d37234